Ethical end professional standards quantitative methods, and economics (Record no. 1101)

000 -LEADER
fixed length control field 00570nam a22002057a 4500
005 - DATE AND TIME OF LATEST TRANSACTION
control field 20210426124528.0
008 - FIXED-LENGTH DATA ELEMENTS--GENERAL INFORMATION
fixed length control field 210201b2010 eng||||| |||| 00| 0 eng d
020 ## - INTERNATIONAL STANDARD BOOK NUMBER
International Standard Book Number 9781427727473
040 ## - CATALOGING SOURCE
Transcribing agency DLC
041 ## - LANGUAGE CODE
Language code of text/sound track or separate title eng
080 ## - UNIVERSAL DECIMAL CLASSIFICATION NUMBER
Universal Decimal Classification number 33
Item number K-20
100 ## - MAIN ENTRY--PERSONAL NAME
9 (RLIN) 751
Personal name CFA Chartered financial analyst
245 ## - TITLE STATEMENT
Title Ethical end professional standards quantitative methods, and economics
250 ## - EDITION STATEMENT
Edition statement level 2, book 1
260 ## - PUBLICATION, DISTRIBUTION, ETC.
Name of publisher, distributor, etc. kaplan schvester
Date of publication, distribution, etc. 2010
300 ## - PHYSICAL DESCRIPTION
Extent 374 p.:
Other physical details ill
650 #0 - SUBJECT ADDED ENTRY--TOPICAL TERM
9 (RLIN) 446
Topical term or geographic name entry element Economics
653 ## - INDEX TERM--UNCONTROLLED
Uncontrolled term ეკონომიკა
942 ## - ADDED ENTRY ELEMENTS (KOHA)
Source of classification or shelving scheme
Koha item type Books
Holdings
Withdrawn status Lost status Source of classification or shelving scheme Damaged status Not for loan Permanent location Current location Date acquired Inventory number Total Checkouts Full call number Barcode Date last seen Price effective from Koha item type
          Ken Walker International University Ken Walker International University 02/01/2021 871   33 K-20 871 02/01/2021 02/01/2021 Books

Powered by Koha